000 01014nam a22002417a 4500
001 EIF-VIII-2013-M14-003
003 OSt
005 20221223132018.0
008 221223b |||||||| |||| 00| 0 eng d
040 _aFundación Jesús Pereda
_cFundación Jesús Pereda
041 _aCastellano
100 _uUniversidad de Valladolid
_aGonzález Martín, Rodrigo
_9840
111 _aEncuentro de Investigadores del Franquismo
_c(Barcelona.
_d2013.
_n8º)
_9100
245 _aLa profundidad del cambio:
_bel trasvase de cuadros políticos locales del franquismo a la democracia en la provincia de Valladolid
_c/Rodrigo González Martín
650 0 _9312
_aAyuntamientos
650 0 _9534
_aTransición española
650 0 _9313
_aPersonal político
650 0 _9176
_aElecciones
651 0 _9542
_aValladolid
773 _tActas del VIII Encuentro de Investigadores del Franquismo
856 _uhttps://bibliotecaccoocyl.fundacionjesuspereda.es/cgi-bin/koha/opac-retrieve-file.pl?id=09b2317d65efdd39d75e392aa862c6ce
942 _2ddc
_cCF
_n0
999 _c504
_d504